000 00667nam a2200193 a 4500
001 000043008
005 20201002040552.0
008 140217s1999 nyuabc 000 0 spa d
020 _a0393317552
040 _aDO-SdBNP
_bspa
_cBNPHU
082 _axxxx
_bxxxx
100 1 _aDiamond, Jared
_d1937-
_970528
245 1 0 _aGuns, germs, and steel :
_bthe fates of human societies /
_cJared M. Diamond ; prologue Yali's Question.
260 _aNew York :
_bW.W. Norton & Company,
_c1999.
300 _a480 p. :
_bill., maps ;
_c24 cm.
504 _aBibliography : p. 459-460
586 _aPulitzer Prize, General Nonfiction, 1998.
700 1 2 _aQuestion, Yali's
_eprĂ³l.
_970529
999 _c42497
_d42497